A comparative study of self-determination and academic motivation of nursing students amidst the transition to virtual learning (Record no. 364843)
[ view plain ]
| 000 -LEADER | |
|---|---|
| fixed length control field | 00550nam a22001457a 4500 |
| 003 - CONTROL NUMBER IDENTIFIER | |
| control field | 0 |
| 005 - DATE AND TIME OF LATEST TRANSACTION | |
| control field | 20221008090255.0 |
| 008 - FIXED-LENGTH DATA ELEMENTS--GENERAL INFORMATION | |
| fixed length control field | 221008b xxu||||| |||| 00| 0 eng d |
| 050 ## - LIBRARY OF CONGRESS CALL NUMBER | |
| Classification number | R569 |
| Item number | .P66 2022 |
| 245 ## - TITLE STATEMENT | |
| Title | A comparative study of self-determination and academic motivation of nursing students amidst the transition to virtual learning |
| Statement of responsibility, etc | Jirah Micah U. Ponio |
| 260 ## - PUBLICATION, DISTRIBUTION, ETC. (IMPRINT) | |
| Place of publication, distribution, etc | Las Pinas City Philippines |
| Name of publisher, distributor, etc | Southville International School and Colleges |
| Date of publication, distribution, etc | C2022 |
| 300 ## - PHYSICAL DESCRIPTION | |
| Extent | xii,122pp. |
| Dimensions | 28cm. |
| Type of unit | Theses |
| 500 ## - GENERAL NOTE | |
| General note | Academic motivation. |
| 942 ## - ADDED ENTRY ELEMENTS (KOHA) | |
| Source of classification or shelving scheme | Library of Congress Classification |
| Koha item type | Theses |
| Withdrawn status | Lost status | Source of classification or shelving scheme | Damaged status | Home library | Current library | Shelving location | Date acquired | Source of acquisition | Sub Shelving location | Total Checkouts | Full call number | Barcode | Date last seen | Price effective from | Koha item type |
|---|---|---|---|---|---|---|---|---|---|---|---|---|---|---|---|
| Library of Congress Classification | College Library | College Library | Theses Section | 10/08/2022 | Donation | R569 .P66 2022 | T1058 | 10/08/2022 | 10/08/2022 | Theses |